[Event "NED-chT Playoff"]
[Site "Breda"]
[Date "1999.05.13"]
[Round "1"]
[White "Vaganian, Rafael A"]
[Black "Hennig, Dirk"]
[Result "1/2-1/2"]
[WhiteElo "2605"]
[BlackElo "2439"]

1.Nf3 d6 2.d4 Bg4 3.c4 Bxf3 4.exf3 g6 5.Nc3 Bg7 6.Be3 e6 7.h4 Ne7 8.h5 Nf5
9.Qd2 Nxe3 10.Qxe3 Nd7 11.O-O-O O-O 12.hxg6 hxg6 13.f4 Re8 14.Ne4 d5 15.Ng5 Qf6
16.g3 c5 17.cxd5 exd5 18.Qa3 cxd4 19.Kb1 Nb6 20.Qd3 Re7 21.Bg2 Rae8 22.Bf3 Rd8
23.Rc1 Qd6 24.Rhd1 Na4 25.Qb5 Nb6 26.Qd3 Na4 27.Qb5 Nb6  1/2-1/2

[Event "Vlissingen HZ op"]
[Site "Vlissingen"]
[Date "1999.08.15"]
[Round "7"]
[White "Vaganian, Rafael A"]
[Black "Mikhalevski, Victor"]
[Result "1-0"]
[WhiteElo "2617"]
[BlackElo "2516"]

1.Nf3 Nf6 2.c4 g6 3.Nc3 d5 4.cxd5 Nxd5 5.Qa4+ Bd7 6.Qh4 Nxc3 7.dxc3 Nc6 8.Bf4 f6
9.Bh6 e5 10.Bxf8 Kxf8 11.O-O-O Kg7 12.g4 h6 13.Qg3 Qe7 14.Nh4 g5 15.Ng2 Qe6
16.Ne3 Ne7 17.Bg2 Bc6 18.Rd2 Qxa2 19.Nc2 Rhd8 20.Rhd1 Rxd2 21.Rxd2 Ba4 22.Be4 Qg8
23.Qe3 Rd8 24.Qc5 Kf7 25.Qc4+  1-0

[Event "TCh-NED Playoffs"]
[Site "Breda NED"]
[Date "2001.05.24"]
[Round "1"]
[White "Vaganian,R"]
[Black "Van Wissen,M"]
[Result "1-0"]
[WhiteElo "2641"]
[BlackElo "2228"]

1.d4 Nf6 2.c4 c5 3.d5 b5 4.cxb5 a6 5.bxa6 Bxa6 6.Nc3 g6 7.g3 d6 8.Nh3 Nbd7
9.Nf4 Bg7 10.h4 h5 11.Bh3 O-O 12.O-O Ne5 13.Qc2 Qa5 14.b3 Rfb8 15.Bd2 c4
16.Ne4 cxb3 17.axb3 Qb6 18.Nxf6+ Bxf6 19.Rfe1 Qxb3 20.Qxb3 Rxb3 21.Rec1 Rbb8
22.Bc3 Bb5 23.Rxa8 Rxa8 24.Rb1 Ba6 25.Kg2 Bc8 26.Bxc8 Rxc8 27.Bxe5 Bxe5 28.Nd3 Bf6
29.f4 Bd4 30.Rb7 Kf8 31.Nb4 f5 32.Nc6 Bf6 33.e3 Ke8 34.Kf3 Ra8 35.Ke2 Kf7
36.Kd3 Ke8 37.e4 fxe4+ 38.Kxe4 Kf7 39.Kd3 Kf8 40.Kc4 Ke8 41.Kd3 Kf8 42.Ke4 Kf7
43.Kf3  1-0

[Event "TCh-NED Playoffs"]
[Site "Breda NED"]
[Date "2001.05.25"]
[Round "2"]
[White "Afek,Y"]
[Black "Vaganian,R"]
[Result "1-0"]
[WhiteElo "2365"]
[BlackElo "2641"]

1.e4 e6 2.d4 d5 3.e5 c5 4.c3 Nc6 5.Nf3 Nh6 6.Bxh6 gxh6 7.Bd3 f6 8.O-O fxe5
9.Nxe5 Nxe5 10.dxe5 c4 11.Bc2 Qg5 12.f4 Bc5+ 13.Kh1 Qg7 14.b4 cxb3 15.axb3 O-O
16.Qe2 Bd7 17.b4 Bb6 18.c4 dxc4 19.Ra3 Kh8 20.Nd2 Rf7 21.Ne4 Raf8 22.Nf6 Rxf6
23.exf6 Qxf6 24.Qxc4 Qd4 25.Qxd4+ Bxd4 26.Be4 Bb5 27.Rd1 Rxf4 28.Bxb7 Bb6
29.Rb1 Rf7 30.Ba6 Bxa6 31.Rxa6 e5 32.Ra2 e4 33.g3 h5 34.Kg2 h4 35.gxh4 Rf4
36.Rf1 Rxh4 37.Rf7 Kg8 38.Re7 Kf8 39.Kg3 Rxh2 40.Rexa7 Bxa7 41.Kxh2 Bb8+
42.Kg2 Ke7 43.Rd2 Bd6 44.b5 Kd7 45.Kf2 h5 46.Rd5 h4 47.Rh5 Kc7 48.Ke3 h3
49.Rxh3 Bf8 50.Kxe4 Kb6 51.Rb3 Kc5 52.b6 Bd6 53.b7 Bb8 54.Kd3 Kc6 55.Kc4 Kc7
56.Rb5  1-0

[Event "TCh-BEL 2001-2"]
[Site "Belgium BEL"]
[Date "2002.01.06"]
[Round "6"]
[White "Vaganian,R"]
[Black "Vanderstricht,G"]
[Result "0-1"]
[WhiteElo "2662"]
[BlackElo "2420"]

1.Nf3 Nf6 2.g3 d5 3.Bg2 c6 4.O-O Bg4 5.d3 Nbd7 6.Nbd2 e5 7.e4 dxe4 8.dxe4 Bc5
9.h3 Bh5 10.Qe1 O-O 11.Nc4 Qc7 12.b4 Be7 13.Bb2 Bxf3 14.Bxf3 b5 15.Ne3 a5
16.a3 Nb6 17.Rb1 axb4 18.axb4 Ra4 19.Bc1 Rfa8 20.Bd2 Ra2 21.Qe2 R8a3 22.Rfc1 Ne8
23.Nd1 Na4 24.Bg2 Nd6 25.h4 Nc4 26.Be1 g6 27.Bh3 Bf8 28.Ne3 Nxe3 29.fxe3 Bh6
30.Rd1 Rxe3 31.Qf2 Rxe4 32.Qf3 f5 33.Bxf5 gxf5 34.Qxf5 Be3+ 35.Kh1 Rd4 36.Rd3 Rxd3
37.Qxd3 Bd4 38.Bd2 Qd7 39.Kh2 Bg1+ 40.Kxg1 Qxd3 41.cxd3 Rxd2 42.Re1 Rxd3
43.Kg2 Rd4 44.Rxe5 Rxb4 45.h5 Rd4 46.Kh3 Rd5  0-1

[Event "TCh-BEL 2004-5"]
[Site "Belgium BEL"]
[Date "2005.03.20"]
[Round "11"]
[White "Vaganian,R"]
[Black "Cappon,J"]
[Result "1-0"]
[WhiteElo "2670"]
[BlackElo "2186"]

1.d4 d5 2.c4 c6 3.Nc3 e5 4.e3 dxc4 5.Bxc4 exd4 6.exd4 Nf6 7.Nf3 Be7 8.O-O O-O
9.h3 Nbd7 10.Re1 Nb6 11.Bb3 Nbd5 12.Bg5 Be6 13.Qd2 Re8 14.Rad1 Qc7 15.Qc1 Rad8
16.Bxf6 gxf6 17.Nxd5 Bxd5 18.Bxd5 Rxd5 19.Qe3 Rdd8 20.Rd2 Qa5 21.a3 Bxa3
22.Qxe8+ Rxe8 23.Rxe8+ Bf8 24.d5 cxd5 25.Rd4 f5 26.g4 f6 27.b4 Qb6 28.gxf5 Kf7
29.Rc8 Bxb4 30.Rxd5 Bd6 31.Kg2 Kg7 32.Nd4 Be5 33.Ne6+ Kh6 34.Rc4 Kh5 35.Rd7 h6
36.Ng7+  1-0

[Event "ch-FRA Top 16 Poule Basse"]
[Site "Port Barcares FRA"]
[Date "2005.05.04"]
[Round "8"]
[White "Berthelot,Y"]
[Black "Vaganian,R"]
[Result "1/2-1/2"]
[WhiteElo "2322"]
[BlackElo "2631"]

1.e4 Nf6 2.e5 Nd5 3.d4 d6 4.Nf3 g6 5.Bc4 Nb6 6.Bb3 Bg7 7.Qe2 Nc6 8.O-O O-O
9.h3 Na5 10.Nc3 Nxb3 11.axb3 Bf5 12.Bf4 c6 13.g4 Be6 14.exd6 exd6 15.Ne4 Bd5
16.Nxd6 Qf6 17.Qe3 Bxf3 18.Be5 Qe6 19.Qxf3 Bxe5 20.dxe5 Qxe5 21.Nxb7 Qxb2
22.c4 f5 23.Rab1 Qf6 24.Rfd1 fxg4 25.Qxf6 Rxf6 26.hxg4 Raf8 27.Kg2 h5 28.gxh5 gxh5
29.Rd8 Rg6+ 30.Kh2 Rxd8 31.Nxd8 Kf8 32.Ra1 Ke7 33.Nb7 Nc8 34.Ra5 Rh6 35.Rg5 Nd6
36.Rg7+ Kf6 37.Rc7 Nf5 38.Rxc6+ Ke5 39.Rxh6 Nxh6 40.Na5 a6 41.Nc6+ Kd6 42.Nb4 a5
43.Nd3 Nf5 44.Kh3 Nd4 45.b4 a4 46.Nc1 Nf5 47.Na2 a3 48.f4 Kc6 49.Nc3 Ne3
50.Kh4 Ng2+ 51.Kg3 Ne3 52.Kh4  1/2-1/2

[Event "Bundesliga Playoff 2004-5"]
[Site "Bremen GER"]
[Date "2005.05.08"]
[Round "4"]
[White "Efimenko,Z"]
[Black "Vaganian,R"]
[Result "1-0"]
[WhiteElo "2620"]
[BlackElo "2631"]

1.e4 e6 2.d4 d5 3.Nc3 dxe4 4.Nxe4 Nd7 5.Nf3 Ngf6 6.Nxf6+ Nxf6 7.c3 c5 8.Ne5 a6
9.Be3 cxd4 10.Bxd4 Qc7 11.Bd3 Bc5 12.Bxc5 Qxc5 13.Qe2 b6 14.O-O-O Bb7 15.Rhg1 Ke7
16.f4 Rhd8 17.Rde1 b5 18.f5 b4 19.fxe6 bxc3 20.exf7 cxb2+ 21.Kb1 Bd5 22.Qxb2 Kd6
23.Nc4+ Kc6 24.Ka1 Rab8 25.Qc3 Bxc4 26.Qxc4 Rd5 27.Qxa6+ Kd7 28.Qa4+ Kd6
29.Qf4+ Re5 30.Bc4 Nd7 31.Rd1+ Ke7 32.Rge1 Kf8 33.Rxe5 Nxe5 34.Qd4 Qxd4+
35.Rxd4 Nxc4 36.Rxc4 Kxf7 37.Re4 Kf6 38.Re2 h5 39.a3 g5 40.Ka2 h4 41.a4 Kf5
42.Ka3 Kg4 43.a5 h3 44.g3 Kf3 45.Ra2 Ke4 46.a6 Kd5 47.a7 Ra8 48.Kb4  1-0

[Event "TCh-BEL 2011-12"]
[Site "Eupen BEL"]
[Date "2012.01.29"]
[Round "7.1"]
[White "Vaganian,R"]
[Black "Feller,S"]
[Result "1/2-1/2"]
[WhiteElo "2577"]
[BlackElo "2668"]

1.Nf3 Nf6 2.c4 e6 3.g3 d5 4.d4 dxc4 5.Bg2 c5 6.O-O Nc6 7.dxc5 Qxd1 8.Rxd1 Bxc5
9.Nbd2 c3 10.bxc3 O-O 11.Nb3 Be7 12.Nfd4 Bd7 13.c4 Rac8 14.Nb5 Ne5 15.Bxb7 Rxc4
16.a4 a6 17.Bxa6 Ra8 18.Bb7 Raxa4 19.Bb2 Bxb5 20.Bxe5 Rcb4 21.Nd4 Ng4 22.Nc6 Nxe5
23.Nxb4 Rxb4 24.Ra8+ Bf8 25.Rdd8 Ng6 26.Bf3 Rc4 27.h4 h5 28.g4 hxg4 29.h5 Kh7
30.hxg6+ Kxg6 31.Rxf8 gxf3 32.exf3 Rc3 33.Ra5 Be2 34.f4 Rc4 35.f5+ exf5 36.Ra7 Rg4+
37.Kh2 Rh4+ 38.Kg3 Rg4+ 39.Kh2 Bc4 40.Ra4 Rh4+ 41.Kg3 Rd4 42.f3 f4+ 43.Kf2 Rd2+
44.Ke1 Re2+ 45.Kd1 Bb3+ 46.Kxe2 Bxa4 47.Rb8 Bd7 48.Kd3 Kg5 49.Rb7 Be6 50.Ke4 Bf5+
51.Kd4 Kf6 52.Rb6+ Be6 53.Ke4 g5 54.Ra6 Kg6 55.Ke5 Kg7  1/2-1/2

[Event "TCh-BEL 2011-12"]
[Site "Belgium BEL"]
[Date "2012.03.04"]
[Round "9.1"]
[White "Vaganian,R"]
[Black "Bojkov,D"]
[Result "1/2-1/2"]
[WhiteElo "2577"]
[BlackElo "2541"]

1.Nf3 Nf6 2.d4 g6 3.c4 Bg7 4.Nc3 O-O 5.Bg5 c5 6.e3 cxd4 7.exd4 d5 8.Bxf6 Bxf6
9.cxd5 Nd7 10.Bc4 Nb6 11.Bb3 Bg4 12.O-O Rc8 13.Re1 Nc4 14.Bxc4 Bxf3 15.Qd3 Bg4
16.Bb3 Bf5 17.Qd2 a6 18.Rad1 b5 19.f3 Bg7 20.Ne4 a5 21.a3 Qb6 22.g4 Bxe4
23.fxe4 e5 24.dxe6 fxe6 25.Kh1 Rf3 26.Ba2 Kh8 27.Rf1 Rxf1+ 28.Rxf1 Qxd4 29.Qxd4 Bxd4
30.Bxe6 Re8 31.Bd5 Bxb2 32.Rb1 Bxa3 33.Rxb5 Bb4 34.Kg2 Kg7 35.h4 Re7 36.Rb6 Ra7  1/2-1/2